| Поле | Инд. | ПП | Название | Значение |
|---|---|---|---|---|
| Тип записи | a | |||
| Библиографический уровень | a | |||
| 001 | Контрольный номер | 2a11b35247564d998b2d80e69b5ae92d | ||
| 005 | Дата корректировки | 20200407131656.8 | ||
| 100 | a | Данные общей обработки | 20190409 ||| 0rusy0189 ca | |
| 101 | 0_ | a | Язык текста | rus |
| 102 | a | Страна публикации | RU | |
| 200 | 1_ | f | Первые сведения об ответственности | В.И. Гладких |
| a | Заглавие | Злоупотребления в сфере закупок товаров, работ, услуг для обеспечения государственных или муниципальных нужд (ст. 200.4 УК РФ): теоретический анализ | ||
| b | Общее обозначение материала | Текст | ||
| 210 | 1_ | d | Дата издания | 2019 |
| 461 | _0 | 1 | 2000 | |
| a | Российская юстиция | |||
| 463 | _0 | 1 | 2000 | |
| a | № 3 | |||
| v | С. 51-54 | |||
| 1 | 2101 | |||
| d | 2019 | |||
| 1 | 001477c6054098f4913b74339a1e2ebcaa7 | |||
| 606 | a | Основная рубрика | Право. Юридические науки | |
| x | Основная подрубрика | Уголовное право | ||
| 610 | 0_ | a | Ключевые слова | ПРЕСТУПЛЕНИЯ ЭКОНОМИЧЕСКИЕ |
| a | Ключевые слова | КОНТРАКТ | ||
| a | Ключевые слова | ГОСУДАРСТВЕННЫЕ ЗАКУПКИ | ||
| a | Ключевые слова | УГОЛОВНАЯ ОТВЕТСТВЕННОСТЬ | ||
| 700 | _1 | a | Фамилия | Гладких |
| b | Имя | В.И. | ||
| 801 | _0 | a | Страна | RU |
| b | Организация | РГУП | ||
| c | Дата составления | 20190409 | ||
| g | Правила каталогизации | PSBO | ||
| 801 | _1 | a | Страна | RU |
| b | Организация | РГУП | ||
| c | Дата составления | 20190409 | ||
| g | Правила каталогизации | PSBO | ||
| 901 | t | Тип документа | b | |
| w | Контрольный № источника | 477c6054098f4913b74339a1e2ebcaa7 | ||
| 905 | a | Дата ввода | 20190409 |